000 01132cam a2200289 a 4500
001 000008493
005 20200929161341.0
008 971017s1995 ck 001 p spa
040 _aDO-SdBNP
_bspa
_cBNPHU
082 _aC861.4
_bM379v
100 1 _aMartín, Carlos.
_d1914-
_922809
245 1 0 _aVida en amor y poesía :
_bsuma poética /
_cCarlos Martín.
260 _aSantafé de Bogotá :
_bInstituto Caro y Cuervo,
_c1995.
300 _a611 p. ;
_c20 cm.
490 1 _aLa granada entreabierta
_v76
650 4 _aPoesía colombiana
_93742
650 4 _aPoesía amorosa colombia
_922810
650 4 _aLiteratura colombiana
_91244
600 1 4 _aARTURO, AURELIO,
_d1909-1974.
_xPOESÍA
_922811
600 1 4 _aBARBA JACOB, PORFIRIO,
_d1883-1942.
_xPOESÍA
_922812
600 1 4 _aCARRANZA FERNÁNDEZ, EDUARDO,
_d1913-1985.
_xPOESÍA
_922813
600 1 4 _aCAMACHO RAMÍREZ, ARTURO,
_d1910-1982.
_xPOESÍA
_922814
600 1 4 _aMARTÍN, CARLOS,
_d1914
_xPOESÍA
_922815
600 1 4 _aSAMPER, DARÍO,
_x1909-1984.
_dPOESÍA
_922816
600 1 4 _aROJAS CASTRO, JORGE,
_d1911-1995.
_xPOESÍA
_922817
830 0 _aLa granada entreabierta ;
_v76
_910699
999 _c8264
_d8264